000 00442nam a2200181Ia 4500
008 131103s9999 xx 000 0 und d
020 _cRs.70
040 _aLoreto College
041 _aEnglish
082 _aF/FOR
_bLCBED/111224
100 _aForbes, Colin
245 _aCross of fire
_cColin Forbes
260 _aDelhi
_bRuoa
_c1992
300 _a552 p.
_c 18 cm.
650 _aEnglish fiction
850 _aLCBED/F/FOR
942 _cBK
999 _c32334
_d82813